Dynamics of Corynespora leaf fall and Colletotrichum leaf spot diseases of rubber plants (Hevea brasiliensis) (Record no. 50184)

MARC details
000 -LEADER
fixed length control field 00585nam a2200193Ia 4500
100 ## - MAIN ENTRY--AUTHOR NAME
Personal name Manju M J
245 #0 - TITLE STATEMENT
Title Dynamics of Corynespora leaf fall and Colletotrichum leaf spot diseases of rubber plants (Hevea brasiliensis)
260 ## - PUBLICATION, DISTRIBUTION, ETC. (IMPRINT)
Name of publisher Journal of Mycology and Plant Pathology
Year of publication 2014
300 ## - PHYSICAL DESCRIPTION
Number of Pages 108-112
650 ## - SUBJECT ADDED ENTRY--TOPICAL TERM
Topical Term Colletotrichum leaf spot
650 ## - SUBJECT ADDED ENTRY--TOPICAL TERM
Topical Term Corynespora leaf fall
650 ## - SUBJECT ADDED ENTRY--TOPICAL TERM
Topical Term Rubber plants
700 ## - ADDED ENTRY--PERSONAL NAME
Personal name Benagi V I
700 ## - ADDED ENTRY--PERSONAL NAME
Personal name Jacob C K
700 ## - ADDED ENTRY--PERSONAL NAME
Personal name Shankarappa T H
700 ## - ADDED ENTRY--PERSONAL NAME
Personal name Vinod K K
942 ## - ADDED ENTRY ELEMENTS (KOHA)
Koha item type Bibliography STAF
Holdings
Withdrawn status Lost status Damaged status Not for loan Home library Current library Shelving location Date acquired Serial Enumeration / chronology Koha item type
      Bibliography RRII Library RRII Library Pathology 10/09/2014 Volume 44, Issue 1 Bibliography STAF